Analysis and probability : wavelets, signals, fractals /

Guardado en:
Autor Principal: Jørgensen, Palle E. T., 1947-
Formato: Libro
Idioma:English
Publicado: New York, NY : Springer, c2006.
Series:Graduate texts in mathematics ; 234
Etiquetas: Agregar Etiqueta
Sin Etiquetas, Sea el primero en etiquetar este registro!
LEADER 00749nam a22002055a 4500
001 MAT.inmabb004082
008 060130s2006####nyua#####b####001#0#eng##
005 20130402165158.0
245 1 0 |a Analysis and probability :  |b wavelets, signals, fractals /  |c Palle E. T. Jorgensen ; with graphics by Brian Treadway. 
260 |a New York, NY :  |b Springer,  |c c2006. 
300 |a xliv, 276 p. :  |b il. ;  |c 24 cm. 
440 0 |a Graduate texts in mathematics ;  |v 234 
504 |a Bibliografía: p. [237]-250. 
510 4 |a MR,  |c 2008a:42030 
020 |a 0387295194 
100 1 |a Jørgensen, Palle E. T.,  |d 1947- 
084 |a 42C40 (28A80 42-01 42B05 46N99 60G18 60G42 94A11)  |2 msc2000 
010 |a  2006921447 
040 |a DLC  |c DLC 
859 |h 42  |i J82  |p A-8428  |b BIB. MATEMATICA